Statistics for Charlotte Hornets 20 Points Per Game Players

Click here to take the quiz!

General Stats

  • This quiz has been taken 138 times
    (61 since last reset)
  • The average score is 8 of 15

Answer Stats

#PlayersLast% Correct
1LaMelo Ball2022
98%
4Kemba Walker2019
94%
3Glen Rice1998
78%
2Larry Johnson1996
78%
2Terry Rozier2023
78%
3Alonzo Mourning1995
76%
2Miles Bridges2024
67%
1Eddie Jones2000
43%
1Al Jefferson2014
39%
1Kelly Oubre Jr.2023
39%
1Stephen Jackson2010
27%
1Kendall Gill1992
25%
1Jamal Mashburn2001
24%
1Jason Richardson2008
16%
1Kelly Tripucka1989
16%

Score Distribution

Percentile by Number Answered

Percent of People with Each Score

Your Score History

You have not taken this quiz since the last reset